L'Internationale - Paroles - Statistiques

Statistiques générales
  • Ce quiz a été pris 57 fois
  • Le résultat moyen est 216 sur 343
Statistiques - réponses
Indice Paroles % Correct
Le
98%
le
98%
la
96%
La
96%
de
93%
Ce
91%
et
91%
fin
91%
Nous
91%
nous
91%
se
91%
Sera
91%
ces
89%
finale
89%
genre
89%
humain
89%
L'Internationale
89%
lutte
89%
a
87%
A
87%
| Refrain C'est
87%
demain
87%
les
84%
Les
84%
faim
78%
Il
78%
Debout
76%
debout
76%
Groupons
76%
sommes
76%
terre
76%
damnés
73%
Du
73%
du
73%
73%
forçats
73%
ne
73%
pas
73%
Pas
73%
changer
71%
en
71%
En
71%
monde
71%
tout
71%
l'éruption
69%
rien
69%
son
69%
va
69%
base
67%
cratère
67%
faisons
67%
n'est
67%
passé
67%
raison
67%
rase
67%
soyons
67%
table
67%
esclave
64%
est
64%
Ni
64%
ni
64%
tonne
64%
des
60%
Dieu
60%
mêmes
60%
sauveurs
60%
travail
60%
César
58%
Foule
58%
Pour
58%
pour
58%
que
58%
Que
58%
suprêmes
58%
Tribun
58%
commun
56%
grand
53%
salut
53%
travailleurs
53%
fer
51%
Hommes
51%
leur
51%
Loi
51%
parti
51%
Décrétons
49%
Ouvriers
49%
paysans
49%
qu'il
49%
sauvons
49%
si
49%
un
49%
Un
49%
Battons
47%
chaud
47%
lois
47%
notre
47%
rende
47%
tant
47%
ailleurs
44%
forge
44%
ira
44%
l'esprit
44%
loger
44%
L'oisif
44%
qu'aux
44%
Soufflons
44%
cachot
42%
gorge
42%
n'appartient
42%
toujours
42%
voleur
42%
brillera
38%
corbeaux
38%
dans
38%
Dans
38%
disparaissent
38%
Mais
38%
matins
38%
nos
38%
soleil
38%
tirer
38%
vautours
38%
au
36%
Producteurs
36%
elle
33%
ils
33%
Ils
33%
lui
33%
veut
33%
Combien
31%
mine
31%
pauvre
31%
peuple
31%
riche
31%
aux
29%
chairs
29%
jamais
29%
Ont
29%
repaissent
29%
sans
29%
autre
27%
chose
27%
droit
27%
faire
27%
fait
27%
guerre
27%
L'Etat
27%
rail
27%
sont
27%
creux
24%
dit
24%
droits
24%
L'Egalité
24%
L'impôt
24%
malheureux
24%
mot
24%
Paix
24%
qu'on
24%
rois
24%
triche
24%
apothéose
22%
assez
22%
balles
22%
devoir
22%
devoirs
22%
entre
22%
généraux
22%
héros
22%
Hideux
22%
Nul
22%
propres
22%
sauront
22%
s'impose
22%
bientôt
20%
cannibales
20%
coffres-forts
20%
créé
20%
d'autres
20%
décrétant
20%
dévaliser
20%
Egaux
20%
fondu
20%
fumée
20%
saigne
20%
s'est
20%
tutelle
20%
armées
18%
l'air
18%
languir
18%
s'obstinent
18%
Tyrans
18%
comprime
16%
Crosse
16%
grève
16%
rangs
16%
rompons
16%
S'ils
16%
Appliquons
13%
banque
13%
soulaient
13%
Aucun quiz correspondant
Distribution des résultats
% des personnes avec chaque résultat
Percentile par nombre de réponses
Votre historique - résultats
Vous n’avez pas pris ce quiz